• 首页
  • 本馆介绍
  • 公告通知
  • 最新文献
  • 馆藏检索
  • 电子资源
  • 读者导购
  • 参考咨询
  • 我的图书馆
  • 登录
  • 详细信息显示
  • 放入我的书架
  • 预约/预借图书
  • 作者相关作品
  • 分类相关作品
  • 丛书相关作品
  • 出版社相关作品

书目信息

  • 表格格式
  • 工作单格式
  • 卡片格式
题名:
煤矿地质学
    
 
作者: 李增学 , 刘海燕 主编
分册:  
出版信息: 北京   煤炭工业出版社  2018.07
页数: 348页
开本: 26cm
丛书名:
单 册:
中图分类: P618.110.2
科图分类:
主题词: 煤田地质--mei tian di zhi--高等教育--教材
电子资源:
ISBN: 978-7-5020-6777-9
000 01016nam0 2200265 450
001 0106081751
005 20201109081735.59
010    @a978-7-5020-6777-9@dCNY48.00
100    @a20190508e20202018em y0chiy50 ea
101 0  @achi
102    @aCN@b110000
105    @aa z 000yy
106    @ar
200 1  @a煤矿地质学@Amei kuang di zhi xue@f李增学, 刘海燕主编
205    @a3版
210    @a北京@c煤炭工业出版社@d2018.07@h2020.05
215    @a348页@c图@d26cm
300    @a普通高等教育“十三五”规划教材
330    @a本书主要内容括地球概况与地质作用、矿物与岩石、古生物与地层、地质构造、煤地质学基础、影响煤矿安全生产的地质条件、矿井水文地质与水害防治、煤矿地质勘查、煤炭资源/储量计算与管理、矿井原始地质编录及地质图件、地质报告的编制,以及煤矿环境地质与可持续发展。
606 0  @a煤田地质@Amei tian di zhi@x高等教育@j教材
690    @aP618.110.2@v5
701  0 @a李增学@Ali zeng xue@4主编
701  0 @a刘海燕@Aliu hai yan@4主编
801  0 @aCN@bBJSZM@c20201106
905    @b1190996-9@dP618.110.2@e134=3@f4
    
    煤矿地质学/李增学, 刘海燕主编.-3版.-北京:煤炭工业出版社,2018.07(2020.05)
    348页:图;26cm
    普通高等教育“十三五”规划教材
    
    ISBN 978-7-5020-6777-9:CNY48.00
    本书主要内容括地球概况与地质作用、矿物与岩石、古生物与地层、地质构造、煤地质学基础、影响煤矿安全生产的地质条件、矿井水文地质与水害防治、煤矿地质勘查、煤炭资源/储量计算与管理、矿井原始地质编录及地质图件、地质报告的编制,以及煤矿环境地质与可持续发展。
●
相关链接 在E读中查询图书 在五车中查询图书 在当当中查询图书 在豆瓣中查询图书


正题名:煤矿地质学     索取号:P618.110.2/134=3         预约/预借

序号 登录号 条形码 馆藏地/架位号 状态 备注
1 1190996   211909960   第二样本阅览室/ [索取号:P618.110.2/134=3] 在馆    
2 1190997   211909979   第三借阅区/ [索取号:P618.110.2/134=3] 在馆    
3 1190998   211909988   第三借阅区/ [索取号:P618.110.2/134=3] 在馆    
4 1190999   211909997   第三借阅区/ [索取号:P618.110.2/134=3] 在馆    
唐山师范学院图书馆 欢迎您!
大连网信软件有限公司© 版权所有